| 000 | 00521nam a2200193Ia 4500 | ||
|---|---|---|---|
| 005 | 20250326143601.0 | ||
| 008 | 250326s9999 xx 000 0 und d | ||
| 037 | _aTextbook | ||
| 040 |
_aFMSL _beng _cFMSL |
||
| 041 |
_aeng _2eng |
||
| 084 |
_aX:8F P5 _qFMSL |
||
| 100 |
_aLarson K D _9748228 |
||
| 245 | 0 |
_aFundamental accounting principles _cLarson K D And Others |
|
| 250 | _a17 | ||
| 260 |
_aBoston _bBoston, McGraw Hill _c2005 |
||
| 300 | _aV | ||
| 942 |
_cTB _hX:8F P5 |
||
| 999 |
_c1300159 _d1300159 |
||